00498nam a2200205Ia 450000500170000000800460001702000180006303700100008104000080009104000080009904000080010704100080011504100080012308400080013124500440013926000310018326000090021465000200022385600490024320260306150709.0008 260114s9999 xx 000 0 eng d a9781400850907 aEbook aCRL beng cCRL 2eng aeng qCRL 0aCollected Works of C. G. Jung, Volume 1 bPrinceton University Press c1970 aSocial Sciences uhttps://www.degruyter.com/isbn/9781400850907